[Event "EU-ch 2nd"]
[Site "Ohrid"]
[Date "2001.06.11"]
[Round "10"]
[White "Bezgodov, Alexei"]
[Black "Akopian, Vladimir Eduardovic"]
[Result "1/2-1/2"]
[WhiteElo "2543"]
[BlackElo "2654"]
[Annotator "Finkel,A"]
[PlyCount "80"]
[EventDate "2001.06.01"]
[EventType "swiss"]
[EventRounds "13"]
[EventCountry "YUG"]
[SourceTitle "CBM 084"]
[Source "ChessBase"]
[SourceDate "2001.09.13"]
[SourceVersion "1"]
[SourceVersionDate "2001.09.13"]
[SourceQuality "1"]

1. e4 e6 2. d4 d5 3. Nc3 Nf6 4. Bg5 dxe4 5. Nxe4 Be7 6. Bxf6 Bxf6 7. Nf3 O-O 8.
Bc4 Nc6 {This variation has become during the last year the scene for many
interesting battles on the highest level. Each time somebody was coming to the
game with some improvement or new opening plan which changed drustically the
evaluation of whole variation} (8... Nd7 9. Qe2 (9. O-O c5 10. c3 cxd4 11.
Nxf6+ Nxf6 12. Nxd4 Qc7 13. Bb3 Bd7 {1/2-1/2 Short,N-Kortschnoj,V/EUCup f 1988}
) 9... Be7 $5 $146 (9... Nb6 10. Bb3 Bd7 11. O-O Bc6 12. Nxf6+ gxf6 $6 13. Rad1
Kh8 14. c4 $14 {Spassky-Czerniak/Goteborg/1971}) (9... c6 10. O-O b6 11. Rad1
Qc7 12. Nxf6+ Nxf6 13. Qe5 Qe7 14. c3 Bb7 15. Rfe1 $14 {Fischer-Pachman/
Leipzig ol/1960}) 10. O-O (10. O-O-O $13) (10. O-O-O $13) 10... c5 $1 11. d5 $6
(11. Rfd1 $13) 11... exd5 12. Bxd5 Nb6 $15 {Smirin,I-Lputian,S/Wijk op 1993})
9. c3 (9. Nxf6+ Qxf6 10. O-O e5 11. Nxe5 Nxe5 12. dxe5 Qxe5 13. c3 {1/2-1/2
Balashov,Y-Dreev,A/RUS-ch 1995}) 9... e5 10. d5 Ne7 (10... Nb8 11. Qe2 (11. d6
$5 Bf5 12. Qd5 Nd7 13. Qxb7 Bxe4 14. Qxe4 Nc5 15. Qd5 cxd6 16. O-O $14 {
Groszpeter,A-Dizdar,G/AUT-chT qual 1997}) (11. O-O Bg4 12. h3 Bxf3 13. Qxf3 Be7
14. Bb5 a6 15. Ba4 Nd7 16. Rad1 Bd6 17. b4 Nf6 18. Nxf6+ Qxf6 19. Qxf6 gxf6 20.
Bc2 $11 {Ivanchuk,V-Ehlvest,J/Reggio Emilia 1989/EXT 97}) 11... Bf5 12. Bd3 $5
(12. Ng3 Bg4 $5 13. h3 Bxf3 14. Qxf3 Nd7 15. Ne4 (15. O-O-O $5 Be7 16. Nf5 Bd6
17. g4 $14) 15... Be7 16. O-O-O Bd6 17. g4 $14 {Leko,P-Shirov,A/Fujitsu
Siemens Giants 2000}) (12. O-O Nd7 13. Rad1 Bxe4 14. Qxe4 Nc5 15. Qe3 Qd6 16.
Rfe1 $14 {Hernandez,G-Shirov,A/Merida 2000}) (12. O-O-O Nd7 13. Ng3 (13. Rhe1
Re8 14. h3 a6 15. g4 Bg6 16. Rg1 b5 17. Bd3 Be7 18. h4 Nc5 19. Nxc5 Bxc5 20.
Bxg6 fxg6 21. Ng5 $14 {Vinitsky,I-Leschenko,V/Kiev 1998/EXT 2000}) 13... Bg6
14. Bd3 $1 (14. h4 e4 15. Nxe4 Re8 16. Nxf6+ Qxf6 17. Qd2 Nb6 $44 {Bologan,
V-Gurevich,M/Festival comtois 4th 1999}) 14... Bxd3 (14... Nc5 15. Bxg6 hxg6
16. h4 Re8 17. Ne4 Nxe4 18. Qxe4 Qd7 19. g4 $16) 15. Qxd3 Nc5 16. Qe3 b6 17. h4
Re8 {[%cal Ge5e4]} 18. Ne4 $1 Nxe4 19. Qxe4 $14 {[%cal Gg2g5,Gh4h5] Leko,
P-Khalifman,A/Khalifman-Leko Match 2000}) 12... Bxe4 13. Bxe4 Nd7 14. O-O-O Be7
15. g4 (15. h4 $1) 15... Bd6 $6 16. Kb1 $14 {Short,N-Gurevich,M/Shenyang 2000/
CBM 79}) (10... Na5 $5 11. Bd3 b6 12. h4 g6 13. h5 Bg4 14. Qa4 Bg7 15. hxg6
hxg6 $13 {Baklan,V-Goloshchapov,A/Ordzhonikidze zt 1.9 2000}) 11. Nxf6+ gxf6
12. Nh4 (12. Qd2 Qd6 (12... Kh8 13. O-O-O Bg4 14. Be2 Qd6 15. Nh4 Rg8 16. g3
Rad8 17. Bxg4 Rxg4 18. Qe2 $14 {Anand,V-Shirov,A/Sydney 2000/CBM 78 ext}) 13.
O-O-O Bg4 14. Qe3 Kh8 15. h3 Bd7 16. g4 $14 {Tischbierek,R-Izoria,Z/Ohrid 2001/
CBM 84}) 12... Ng6 13. g3 $5 {Interesting attempt to improve whites play
comparing to the game Bologan-Kacheishvili played at the earlier stage of this
competition.} (13. Qh5 Kh8 (13... Qd7 14. h3 Nxh4 15. Qxh4 Qf5 16. O-O-O Bd7
17. f4 Qxf4+ 18. Qxf4 exf4 19. Rhf1 $14 {Short,N-Gurevich,M/England 2000/CBM 75
}) 14. O-O-O f5 15. Nf3 Nf4 16. Qh6 Qd6 17. Qxd6 cxd6 18. g3 Ng6 19. h4 Bd7 $13
{Bologan,V-Kacheishvili,G/Ohrid 2001/CBM 84}) 13... b5 (13... Nxh4 $6 14. gxh4
Kh8 (14... f5 $6 15. Qh5 Qf6 16. O-O-O $16 {[%csl Rc8][%cal Gh1g1,Gg1g3]}) 15.
Qh5 Qd6 16. O-O-O Bd7 17. Rhg1 $14 {[%csl Rf6,Rf7]} (17. Bd3 $2 e4 18. Be2 (18.
Bc2 $4 Qf4+ 19. Kb1 Bg4 $19 {[%csl Rh5]}) 18... Qf4+ 19. Kb1 Bf5 $15)) 14. Bb3
(14. Nxg6 $5 hxg6 15. Bxb5 Rb8 16. Qd3 a6 (16... Bf5 $6 17. Qc4 a6 18. Bxa6
Rxb2 19. O-O $14) 17. Bxa6 (17. Bc6 $6 Rxb2 18. O-O Qd6 $132) 17... Bxa6 18.
Qxa6 {[%csl Rf6]} Qxd5 19. O-O Rxb2 20. Qxf6 $14) 14... a5 15. Qd2 f5 16. O-O-O
Ra6 $5 {[%cal Ga6d6] Now threatening to take on h4} (16... Nxh4 17. gxh4 Qxh4
18. Rhg1+ Kh8 19. d6 $1 Rd8 20. Qe3 cxd6 21. Rxd6 $1 $40 Rxd6 $4 22. Qxe5+ Qf6
23. Qe8#) 17. Ng2 (17. Nxg6 $5 fxg6 (17... hxg6 18. h4 a4 19. Bc2 a3 20. b4 $40
) 18. d6+ Kh8 19. d7 Bb7 20. Rhe1 Bf3 21. Qe3 $1 Bxd1 22. Qxe5+ $14) 17... a4
18. Bc2 a3 19. b4 $1 Rd6 20. Ne3 Qf6 21. f4 $1 $14 (21. Rhe1 $2 f4 22. gxf4
exf4 23. Ng2 Bg4 $17) 21... Re8 (21... exf4 $2 22. gxf4 Nxf4 23. Rhf1 Qe5 (
23... Ng6 24. Bxf5 Qg5 25. Rg1 $16) 24. Rde1 $1 {[%cal Ge3f5]} (24. Nxf5 $4
Ne2+ $1 $19 {[%csl Rc3]}) 24... Nxd5 25. Nxf5 Qxc3 26. Qxc3 Nxc3 27. Nxd6 Nxa2+
28. Kd2 cxd6 29. Rf4 $1 $16 {[%csl Ra2][%cal Ge1a1,Gc2b3]}) 22. fxe5 Nxe5 23.
Rhf1 Nc4 $8 24. Nxc4 bxc4 25. Rf4 $2 (25. Qd4 $1 Qxd4 26. Rxd4 Re3 $2 (26...
Re5 27. Rfd1 $1 (27. Rxc4 $2 Ba6 28. Rxf5 $6 Re1+ 29. Kd2 Bxc4 30. Kxe1 Bxa2
31. Kd2 (31. Be4 Bc4 $19 {[%csl Gf1][%cal Ga3a1]}) 31... Bxd5 32. Kc1 $15) (27.
Rff4 $5 $16) 27... Ba6 28. Rf4 Rdxd5 29. Rxd5 Rxd5 30. Rxf5 Rxf5 31. Bxf5 $16)
27. Bxf5 Bxf5 28. Rxf5 Re1+ 29. Kc2 Ra1 30. Rxc4 Rxa2+ 31. Kb3 $18) 25... Re5
26. Rxc4 Rexd5 27. Qf4 Rxd1+ 28. Bxd1 Be6 $132 {[%csl Ra2]} 29. Rc5 (29. Rxc7
$2 Qd8 $1 $19 {[%csl Rc7,Rd1]}) 29... Bxa2 30. Bc2 Be6 31. Rxc7 a2 32. Kb2 Qd8
33. Ra7 Rd2 34. b5 h6 $5 {[%cal Gd8d3]} 35. Qxh6 Rd5 $1 36. c4 (36. Ba4 Rd2+
37. Bc2 Qd5 $11) 36... Rxb5+ 37. cxb5 Qd4+ 38. Kc1 Qxa7 39. Qg5+ Kf8 40. Qd8+
Kg7 1/2-1/2

[Event "Oxford GM-A"]
[Site "Oxford"]
[Date "1998.12.20"]
[Round "6"]
[White "Hector, Jonny"]
[Black "Gausel, Einar"]
[Result "1-0"]
[WhiteElo "2510"]
[BlackElo "2540"]
[Annotator "Finkel,A"]
[PlyCount "123"]
[EventDate "1998.12.14"]
[EventType "tourn"]
[EventRounds "9"]
[EventCountry "ENG"]
[EventCategory "11"]
[SourceTitle "CBM 069"]
[Source "ChessBase"]
[SourceDate "1999.04.01"]
[SourceVersion "1"]
[SourceVersionDate "1999.04.01"]
[SourceQuality "1"]

1. e4 e6 2. d4 d5 3. Nc3 Nf6 4. Bg5 dxe4 5. Nxe4 Nbd7 6. Nf3 h6 $5 {Extremly
solid variation,but promising black very few chanses to win.} 7. Bh4 (7. Bxf6)
7... Be7 8. Nxf6+ Bxf6 9. Bxf6 (9. Bg3 $5 c5 10. c3 Qb6 11. Qd2 cxd4 12. cxd4
Be7 13. a3 Nf6 14. Bd3 Bd7 $11 {Kveinys,A-Bareev,E/EUCup f 1994 (45)}) 9...
Qxf6 10. Qd2 (10. Bd3 c5 11. Qe2 (11. c3 cxd4 12. Nxd4 O-O 13. O-O Nc5 14. f4
$5 Nxd3 15. Qxd3 b6 16. Rae1 Bb7 17. Re5 Rad8 18. Qg3 Rd5 19. Rfe1 Rfd8 $11 {
Bjarnason,S-Karlsson,A/ISL-ch 1995 (41)}) 11... cxd4 12. O-O-O a6 13. Rhe1 Nc5
14. Nxd4 O-O 15. Qe3 $11 {1/2-1/2 Golubev,M-Kaminski,M/Weilburg op 1995}) 10...
O-O (10... c5 11. O-O-O O-O 12. Qe3 cxd4 13. Rxd4 e5 14. Re4 Rd8 15. Bc4 Nb6 $5
16. Nxe5 $14 {Hector,J-Kortschnoj,V/Wichern-op 1995 (48)}) 11. Qe3 Rd8 $5 ({
Another possibility leading to equality was} 11... b6 $5 12. Bd3 Bb7 13. Be4
Bxe4 14. Qxe4 c5 15. O-O-O cxd4 16. Qxd4 $11) 12. Bd3 ({Also after} 12. O-O-O
$5 b6 13. Qe4 Rb8 14. Bd3 g6 15. Qe3 Kg7 16. Ne5 Bb7 17. f4 c5 $13 {black has
sufficient counterchanses.}) 12... c5 13. dxc5 $5 {Taking the advantage of the
fact that black still didn't develop his queenside white opens up the position.
} Qxb2 14. O-O Qb4 15. Rfd1 Rf8 {The best reaction.} (15... Qa5 16. Be4) (15...
Qxc5 $2 16. Qxc5 Nxc5 17. Bh7+ Kxh7 18. Rxd8 $16) 16. c6 $8 bxc6 17. Be4 Qc5
18. Rab1 $5 {Leaving to black the choice against which pawns structure he
preferes to play.} a5 ({I don't see any problems for black also after} 18...
Qxe3 19. fxe3 Rb8 20. Bxc6 Rxb1 21. Rxb1 Rd8 22. a4 $5 Kf8 $11 {[%cal Gf8d6,
Gd6c7,Gd7b6]}) 19. Qxc5 Nxc5 20. Bxc6 Ra6 21. Bb5 Ra8 $11 {White pawn on the
c-file is blocked and black may comfortably develop the pieces.} (21... Rb6 $5)
22. Ne5 Bb7 23. f3 Rfd8 (23... f6 $6 24. Nd7 Nxd7 25. Rxd7 $14) 24. c4 Rac8 25.
Kf2 Kf8 (25... Rxd1 $6 26. Rxd1 f6 27. Nd7 Nxd7 28. Bxd7 $16 {[%cal Gd7c8,
Gd7e6]}) 26. Ke3 Ke7 27. h4 f6 ({Even simplier way to play was} 27... Kf6 $5
28. Nd3 Rxd3+ 29. Rxd3 Nxd3 30. Kxd3 Ke5 31. Ke3 g5 32. hxg5 hxg5 $11 {with
balanced position.}) 28. Nd3 Nxd3 29. Rxd3 Rxd3+ 30. Kxd3 e5 (30... Kd6 31. Kc3
Kc5 $2 32. Bd7 $16) 31. Kc3 Rc7 $6 {Rook is misplaced on c7,it was more
logical to leave it on eightth rank,meanwile moving the pawns on the kingside}
32. Rb3 {[%csl Ra5]} e4 $2 {This move costs black a game.It wasn't to late to
admit the mistake and to come back with the rook,but black is stick to his
plan...} (32... g5 $6 33. hxg5 hxg5 34. Ra3 e4 35. fxe4 Bxe4 36. g3 Ra7 37. Kd4
f5 38. Ke5 $16) (32... Rc8 $1 33. Ra3 Ra8 34. Kb3 (34. c5 Bd5 $1 $11) 34... Kd6
35. Ka4 Kc5 36. Rd3 Bc6 37. Bxc6 Kxc6 38. Rd5 Rb8 $1 $132) 33. fxe4 Bxe4 34.
Kd4 $1 $16 {Black probably missed this strong move.} f5 ({The pawn on g2 is
poisonous:} 34... Bxg2 35. Rg3 Bb7 36. Rxg7+ Kd8 37. Rg6 $16) 35. Ra3 g5 (35...
g6 36. g3 Ra7 37. Kc5 $16 {[%csl Ra5][%cal Gc5b6,Gc4c7]}) 36. hxg5 hxg5 37. g4
$1 Bb7 (37... Kf6 38. Rxa5 Bb7) 38. gxf5 Kf6 39. c5 $1 {White plays an endgame
very accurately:the pawn on a5 is insignificient and there os no reason to
waste time taking it.} (39. Rxa5 $2 g4 40. Ra3 Kxf5 $11) 39... g4 40. Rc3 Kxf5
(40... Bc6 41. Bxc6 Rxc6 42. Kd5 Rc8 43. c6 Kxf5 44. Kd6 $18) 41. c6 Bc8 42.
Kc5 Rg7 43. Bf1 $1 {Bishop comes to g2 depriving black counterplay connected
with g-pawn,while white king does the job on the queenside!} Kf4 44. Kb6 g3 45.
Bg2 Rg8 (45... a4 46. c7 Ke5 47. Rd3 Rg4 48. Rd8 Be6 49. Re8 Rb4+ 50. Ka5 Rc4
51. Bh3 $18) 46. a4 $18 {The rest is easy because black can do nothing against
two white pawns moving forward with some help from the rook and the king.} Ke5
(46... Rg5 47. c7 Re5 48. Rf3+ Kg4 49. Rf8 $18) 47. Kxa5 Kd4 48. Kb4 Ba6 49. c7
Bc8 50. Rc6 Ke3 51. a5 Kf2 52. Rc2+ Ke3 53. Kb5 Kd3 54. Rc5 Rg6 55. Rc6 Rg5+
56. Kb6 Rg4 57. Rd6+ Kc3 58. Rd8 Rg6+ 59. Ka7 Ra6+ 60. Kb8 Bf5 61. Rd5 Bg4 (
61... Be6 62. Kb7 $1 Bxd5+ 63. Bxd5) 62. Rg5 1-0

[Event "EU-ch 6th"]
[Site "Warsaw"]
[Date "2005.06.27"]
[Round "9"]
[White "Areshchenko, Alexander"]
[Black "Gurevich, Mikhail"]
[Result "1/2-1/2"]
[WhiteElo "2595"]
[BlackElo "2630"]
[Annotator "Finkel,A"]
[PlyCount "100"]
[EventDate "2005.06.18"]
[EventType "swiss"]
[EventRounds "13"]
[EventCountry "POL"]
[SourceTitle "CBM 108"]
[Source "ChessBase"]
[SourceDate "2005.09.26"]
[SourceVersion "1"]
[SourceVersionDate "2005.09.26"]
[SourceQuality "1"]

1. e4 {Gurevich,M} e6 2. d4 d5 3. Nc3 Nf6 4. Bg5 dxe4 5. Nxe4 Be7 6. Bxf6 Bxf6
7. Nf3 Nd7 8. Qd2 O-O 9. Bd3 b6 10. O-O-O Bb7 11. h4 Be7 12. c3 {The most
ambitious plan. White prepares Qc2 putting a pressure on h7.} (12. Nfg5 h6 13.
f4 c5 14. dxc5 Qc7 15. Nd6 Nxc5 16. Nxb7 Nxb7 17. c3 Rfd8 18. Ne4 Rd5 $132 {
Fercec,N-Dizdar,G/Pula 1997}) (12. Rh3 Nf6 13. Nxf6+ Bxf6 14. Ng5 h6 15. Nh7
Re8 16. Nxf6+ Qxf6 17. g4 $14 {Fercec,N-Golubovic,B/Kastav 2000}) (12. Qe2 c5 (
12... Nf6 13. Neg5 Bxf3 14. Nxf3 Qd6 15. Ne5 c5 16. dxc5 Qxc5 17. Kb1 Bd6 18.
f4 h5 {1/2-1/2 Dominguez,L-Nogueiras,J/Havana 2001/CBM 84 (18)}) 13. Neg5 h6
14. Nxe6 $2 Bxf3 15. gxf3 fxe6 16. Qxe6+ Kh8 17. Rhg1 Rf6 18. Qg4 Bf8 $19 {
Horvath,A-Golubovic,B/Charleville 2000}) (12. Neg5 h6 13. Rh3 c5 14. Kb1 cxd4
15. Qf4 Qb8 16. Qxd4 Bxf3 17. Nxf3 Nc5 $15 {Riegler,P-Dizdar,G/Bled 1994}) (12.
Qf4 Nf6 {Gurevich,M} 13. Nxf6+ Bxf6 14. Kb1 Qd6 15. Qg4 Rfd8 16. Ng5 h6 17.
Bh7+ Kf8 18. Be4 Bxe4 19. Nxe4 Qe7 20. c3 Rd5 21. Rh3 Rad8 22. Nxf6 Qxf6 23.
Rf3 Qe7 $11 {1-0 Lopez Martinez,J-Gurevich,M/Warsaw POL 2005/The Week in Chess
555 (35)}) 12... Nf6 (12... c5 13. dxc5 (13. Neg5 $5 h6 14. Bh7+ Kh8 15. Bc2
Bxf3 16. Nxf3 Nf6 17. Kb1 Qc7 18. Qe2 cxd4 19. Nxd4 h5 $11 {Anand,V-Bareev,E/
Monte Carlo 2003}) 13... Qc7 $5 14. Qc2 (14. Neg5 Nf6 15. Qe2 Qf4+ $1 16. Kb1
Bxc5 17. g3 Bxf3 18. Nxf3 Qc7 19. Rhe1 $14) 14... h6 15. cxb6 axb6 16. Kb1 Ra5
17. Ned2 Rfa8 18. a3 Nc5 $44 {Solozhenkin,E-Dizdar,G/Paris 1996}) 13. Neg5 Bxf3
(13... h6 14. Qc2 Bxf3 15. Nxf3 Qd5 16. Ne5 c5 17. c4 Qd6 18. g4 cxd4 19. Qe2
$40 {Zelcic,R-Kovacevic,V/Pula 1995}) (13... c5 14. Qc2 g6 15. h5 $5 Bxf3 (
15... Nxh5 $5 16. Nxe6 $1 $36 {Ivanchuk,V-Radjabov,T/Moscow 2002}) 16. Nxf3 (
16. gxf3 {Gurevich,M} h6 17. Ne4 g5 18. dxc5 Qc7 19. Nxf6+ Bxf6 20. c6 Rac8 21.
Be4 Rfd8 22. Qa4 Rxd1+ 23. Rxd1 Rd8 {1/2-1/2 Pinkovetsky,S-Knudsen,J/ICCF 2002/
ICCF Telechess CBM 105 (23)} 24. Rd7 $14) 16... Nxh5 17. Be4 Rb8 18. Ne5 Qc7
$13 {Donguines,F-Prakash,G/Calcutta 1996}) 14. gxf3 {This is the only way to
fight for an opening advantage. The weakness of white pawns on the f-file is
fully compensated by the open line.} (14. Nxf3 c5 15. Kb1 Qc7 16. Qe2 Rfd8 17.
Rhe1 Bf8 18. g3 Rac8 19. Ba6 Rb8 20. Bb5 Rd6 $11 {Lahno,K-Morales,M/Elista 2004
}) 14... Qd5 $6 {For some reason Gurevich decides to deviate from 14...c5,
which is beyond any doubt black's best reply in the position.} (14... Kh8 15.
Kb1 Qd6 16. Rdg1 h6 17. Ne4 Nxe4 18. fxe4 e5 19. f4 exd4 20. Qg2 $40 {Topalov,
V-Dreev,A/Linares 1995}) (14... c5 15. dxc5 Qc7 16. Kb1 bxc5 17. Rdg1 $6 (17.
Qc2 h6 18. Bc4 Rfd8 19. Rdg1 hxg5 20. hxg5 Qf4 21. gxf6 Bxf6 $11 {Dworakowska,
J-Zatonskih,A/Zagan 1997}) (17. Rhg1 $1) 17... Rfd8 $6 18. Qc2 h6 19. Bh7+ Kf8
20. Nxf7 Kxf7 21. Qg6+ Kf8 22. Qxg7+ Ke8 23. Re1 $36 {Anand,V-Bareev,E/Wijk
aan Zee 2004}) 15. Rdg1 (15. Kb1) 15... Rfd8 ({Taking on a2 is too dangerous
in a view of} 15... Qxa2 $2 {'?!' Gurevich,M.} 16. Nxh7 $1 Nxh7 17. Rxg7+ $1 (
17. Qh6 $2 Bg5+ $1 18. Rxg5 Qa1+ $1 {'-/+' Gurevich,M.} (18... Nxg5 19. Qh8+ $1
Kxh8 20. hxg5+ Kg8 21. Bh7+ $11) 19. Bb1 Nxg5 20. Qxg5 Qa5 $17) 17... Kxg7 18.
Rg1+ Bg5 (18... Ng5 {Gurevich,M} 19. Rxg5+) 19. Rxg5+ (19. Bxh7 {Gurevich,M} f6
20. Bb1 $40) 19... Kf6 (19... Kh8 20. Bxh7 f5 21. Rh5 $18) 20. Qf4+ Ke7 21.
Qxc7+ Kf6 22. Bxh7 $16 {[%cal Gc7d6,Gg5f5]}) 16. Ne4 {[%cal Gd2h6,Gh4h5] '!'
Gurevich,M. Gurevich,M: '[/\17.Qh6,17.Rxg7]'} (16. Qc2 $6 h6 17. Bh7+ Kf8 18.
Nxf7 Kxf7 19. Qg6+ Kf8 20. Qxg7+ Ke8 $15) (16. Nxh7 $2 Nxh7 17. Qh6 Bg5+ 18.
Rxg5 Nxg5 $17) 16... Qh5 {[%csl Rh5]} (16... Ne8 {Gurevich,M} 17. Qh6 Bf8 (
17... Kh8 18. Rxg7 Nxg7 19. Nf6) 18. Nf6+ Nxf6 19. Qxf6 $40) (16... Nh5 {
Gurevich,M} 17. Rg5 $1) (16... Kf8 {Gurevich,M} 17. Rxg7 $1 Kxg7 18. Rg1+ Kf8
19. Qh6+ Ke8 20. Nxf6+ Bxf6 21. Qxf6 Kd7 22. Qxf7+ Kc8 23. Ba6+ Kb8 24. Rg8 $18
) 17. Qg5 $1 {[%csl Rh7] Transposing into an endgame is the best way to treat
the position.} (17. Rg3 {'->!?' Gurevich,M.}) 17... Qxg5+ 18. hxg5 Nxe4 (18...
Nd5 $2 19. Rxh7 $1 {'+-!' Gurevich,M.} Kxh7 20. Nf6+ Kh8 21. Rh1#) 19. Bxe4 $1
(19. fxe4 c5 20. d5 exd5 21. exd5 g6 22. Rg3 a6 23. Kc2 Ra7 24. c4 $14) 19...
Rab8 20. Rxh7 (20. Bxh7+ {Gurevich,M} Kf8 21. Be4 Bd6 $14) 20... c5 21. g6 $6 {
Losing a major part of an advantage. After correct} (21. Kc2 $1 {[%cal Gg1h1]
there was no escape for black.} g6 (21... f5 22. g6 $1 Bf6 (22... Bd6 23. Bd3
cxd4 24. cxd4 Bf4 25. Bc4 Rxd4 26. Bxe6+ Kf8 27. Re1 $18) 23. d5 Kf8 24. d6
Rxd6 25. Rh8+ Ke7 26. Rxb8 $18) (21... Bd6 {Gurevich,M} 22. dxc5 Bxc5 23. Rg2
g6 24. Rgh2 Kf8 25. R2h4 $1 {(/\26.Rf4)} Bd6 (25... Bxf2 26. Rf4 Rd7 27. Bxg6
$18) 26. Bxg6 $1 $18) 22. Bxg6 fxg6 23. Rxe7 cxd4 24. Rxe6 $18) 21... fxg6 22.
Bxg6 cxd4 {'+/=' Gurevich,M.} 23. Bf7+ Kxf7 (23... Kxh7 $4 24. Rh1+ Bh4 25.
Rxh4#) 24. Rgxg7+ Kf6 25. Rxe7 dxc3 26. bxc3 a5 $14 27. Kc2 $6 (27. Ref7+ Ke5
28. f4+ Ke4 29. Rf6 $14) 27... Ke5 {'!' Gurevich,M. Gurevich,M: '[/\28...Kd6]'}
28. Rh6 Rd6 29. f4+ Kd5 (29... Kxf4 {Gurevich,M} 30. Rexe6 Rxe6 31. Rxe6 $16)
30. Rh5+ Kc6 31. Re5 Rf8 32. Re4 (32. R7xe6 Rxf4 33. Rxd6+ Kxd6 34. Re2 b5 $11)
32... Rf6 33. a4 b5 34. Kb3 Rh6 35. axb5+ Kxb5 36. Re5+ Kb6 37. f5 exf5 38.
Rxf5 Rhf6 {'=!' Gurevich,M.} 39. Ree5 Rxf5 40. Rxf5 Rd2 41. f4 (41. Kc4 {
Gurevich,M} Rb2 42. Rf6+ Kb7 43. Kc5 a4 $11) 41... Rf2 42. Kc4 Rf3 43. Rf6+ Kb7
44. f5 a4 45. Rf8 (45. Kb4 {Gurevich,M} Kc7 46. Kxa4 Rxc3 $11) 45... a3 46. Kb3
a2 47. Kxa2 Rxc3 48. f6 Rf3 49. Kb2 Kc7 50. f7 Kd7 1/2-1/2

[Event "Escaldes zt"]
[Site "Escaldes"]
[Date "1998.11.07"]
[Round "2"]
[White "Reinderman, Dimitri"]
[Black "Gurevich, Mikhail"]
[Result "1-0"]
[WhiteElo "2540"]
[BlackElo "2610"]
[Annotator "Finkel,A"]
[PlyCount "83"]
[EventDate "1998.11.06"]
[EventType "swiss"]
[EventRounds "9"]
[EventCountry "AND"]
[SourceTitle "CBM 068"]
[Source "ChessBase"]
[SourceDate "1999.02.01"]
[SourceVersion "1"]
[SourceVersionDate "1999.02.01"]
[SourceQuality "1"]

1. e4 e6 2. d4 d5 3. Nc3 Nf6 4. Bg5 dxe4 5. Nxe4 Be7 6. Bxf6 Bxf6 7. Nf3 O-O 8.
Qd2 Nd7 9. O-O-O b6 (9... Be7 10. Kb1 (10. Bc4 a6 $5 11. Bb3 c6 12. Qf4 b5 13.
h4 Ra7 14. Neg5 Nf6 15. c3 Qc7 $132 {Khalifman,A-Bareev,E/Belgrade 1993}) 10...
b6 11. Bc4 Nf6 12. Nxf6+ Bxf6 13. Qe3 Bb7 14. Rhe1 Qe7 15. g4 Rad8 16. Ne5 $14
{Stefansson,H-Bareev,E/Erevan olm 1996}) 10. Bc4 (10. d5 $5 Nc5 11. Nxc5 bxc5
12. Bc4 e5 13. Qa5 Qd6 14. Nd2 $13 {1/2-1/2 Wahls,M-Gurevich,M/Munich 1992})
10... Bb7 (10... c6 11. Qe3 (11. Nxf6+ Qxf6 12. Qe3 Bb7 13. Ne5 Rfd8 14. f4
Nxe5 15. dxe5 Qe7 $11 {Mari Arul,S-Prakash,G/Goodricke 1997}) (11. h4 Bb7 12.
Nd6 $5 Qc7 13. Nxb7 Qxb7 14. Ng5 c5 15. Bd3 $36 {Ivanchuk,V-Dreev,A/London
PCA-Intel GP 1995 (54)}) 11... Qc7 12. Nxf6+ Nxf6 13. Ne5 a5 14. c3 a4 15. a3
Ra5 16. Ba2 c5 17. Rhe1 $14 {Kindermann,S-Dreev,A/Nussloch 1996 (30)}) 11. Rhe1
(11. Qf4 $6 Qb8 $5 12. Rhe1 c5 13. Qg4 cxd4 14. Nxd4 Bxe4 15. Qxe4 Nc5 $15 {
Freitag,M-Schneider Zinner,H/Feldbach op 1997}) 11... Bd5 12. Bd3 c5 13. c4 Bb7
14. d5 $5 {Very ambitious continuation leading to very complicated struggle
with mutual chanses.} (14. dxc5 bxc5 15. Nxf6+ Qxf6 16. Qc2 g6 17. Be4 Bxe4 18.
Qxe4 Rad8 19. Rd2 $14 {Huebner,R-Short,N/Novi Sad olm 1990 (76)}) 14... exd5
15. cxd5 c4 $5 (15... Bxd5 $5 16. Bb5 $6 (16. Neg5 $1 Bxf3 (16... Bxg5 $6 17.
Bxh7+ Kxh7 (17... Kh8 18. Nxg5 Nf6 19. Qf4 (19. Bc2 $6 Qc7 $1 (19... Bxa2 $2
20. Qf4 $18) 20. f4 Bxa2 21. Qe3 Rfd8 $13) 19... Nxh7 20. Nxh7 Kxh7 21. Re5 $16
) 18. Nxg5+ Kg6 19. Qxd5 Qxg5+ 20. Qxg5+ Kxg5 21. Rxd7 $16 {[%csl Ra7,Rf7]
[%cal Ge2e7]}) 17. Nxf3 Bd4 $8 18. Bc2 Nf6 19. Nxd4 Qxd4 20. Qxd4 cxd4 21. Rxd4
$14) 16... Bxe4 $5 (16... Bd4 17. Nxd4 cxd4 18. Qxd4 Bxe4 19. Rxe4 Qg5+ 20. Kb1
Nf6 21. Re5 $13) 17. Rxe4 Nb8 18. Qc2 (18. Qf4 Bxb2+ 19. Kc2 Qf6 $19) 18... Qc7
19. g4 a6 20. Bc4 Nc6 $15) 16. Bc2 b5 17. Kb1 Qb6 18. Qf4 Rad8 19. h4 g6 (19...
b4 $5 $132) 20. h5 Bg7 21. Qh4 Rfe8 (21... Nf6 22. hxg6 hxg6 (22... fxg6 $2 {
[%csl Re6]} 23. Nfg5 h6 24. Ne6 Nxd5 25. N4c5 $1 g5 26. Qg3 $16) 23. Nfg5 Rfe8
24. Nxf7 {see 21...Rfe8}) 22. Nfg5 Nf6 (22... h6 $6 23. hxg6 Qxg6 24. Nxf7 $1
Kxf7 25. Nc5 Qxc2+ 26. Kxc2 Nxc5 27. Qf4+ Kg8 28. Qc7 Bf8 29. Rxe8 Rxe8 30. Rd4
$36) 23. hxg6 hxg6 24. Nxf7 $5 {Changing the charachter of the position.} Kxf7
25. Ng5+ Kg8 (25... Kf8 $1 26. Ne6+ (26. Bxg6 Rxe1 27. Rxe1 Bxd5 $19) 26... Kg8
(26... Rxe6 27. Rxe6 Rd6 28. Qg3 Rxe6 29. dxe6 Bd5 $13) 27. Bxg6 Rxd5 28. Rxd5
Bxd5 29. Bxe8 Bxe6 $15) 26. Rxe8+ Rxe8 27. Bxg6 Re2 28. d6 Bc8 29. Ne4 $1 Nxe4
$2 {The turning point of the game:black chooses variation,which is losing by
force.Nothing changed} (29... Rxb2+ $6 30. Kc1 $1 (30. Ka1 $2 Nd5 $1 31. Rxd5
Rxf2+ 32. Kb1 Rb2+ 33. Kc1 Qg1+ $19) 30... Qd8 31. d7 $1 Bxd7 32. Rd6 $1 Rxf2
$8 33. Qxf2 Nxe4 34. Qf7+ Kh8 35. Rxd7 $1 Qg5+ 36. Kb1 Nc3+ 37. Kc2 $18 {
and white is winning.}) ({It was nessasary to play} 29... Rxe4 $1 30. Bxe4 Be6
31. Bc2 c3 32. bxc3 Qa5 $132 {with unclear position.}) 30. Bh7+ $18 Kh8 (30...
Kf8 $4 31. Qe7#) 31. Bxe4+ Kg8 32. Bd5+ Kf8 (32... Be6 33. d7 $1 Rxb2+ 34. Kc1
$18) (32... Re6 33. Qe7 $1 Qxf2 34. Bxe6+ Bxe6 35. Qxe6+ Kf8 36. Qe7+ Kg8 37.
Qe8+ Kh7 38. Rh1+ Bh6 39. d7 $18) 33. Qf4+ Ke8 34. Qf7+ {Slightly more
accurate was} (34. Bf7+ $5 Kd8 35. Qg5+ Kd7 36. Qg4+ $18 {[%cal Gg4d7,Gg4e2]})
34... Kd8 35. Qg8+ Re8 36. Qxg7 Qxd6 37. Bf3 Bf5+ 38. Ka1 Bd3 39. Qxa7 Re5 40.
Rh1 Qf6 41. Bc6 $1 {The final blow!Very impressive win of Dmitri Rinderman,
espacially taking into consideration the fact that with black pieces played
Michail Gurevich!} Qxc6 42. Qb8+ {[%cal Gb8d8,Gb8e5]} 1-0